Homeless guide : jak přežít na ulici a užít si to /

Hlavní autor: Havlík, Tony, 1993-
Jazyk: Čeština
Vydáno: V Brně : BizBooks, 2019
Vydání: 1. vydání
Témata:
Fyzický popis: 253 stran : ilustrace (převážně barevné), 1 mapa, portréty ; 24 cm
Language note: Český text
Knihy
Uloženo v:
LEADER 02833nam a2200769 i 4500
001 nkc20193136978
003 CZ PrNK
005 20191122102338.0
007 ta
008 191007s2019 xr abc g f 000 jccze
015 |a cnb003136978 
020 |a 978-80-265-0885-4  |q (vázáno) :  |c Kč 399,00 
035 |a (OCoLC)1130277946 
040 |a OLA001  |b cze  |e rda 
043 |a e-xr---  |b e-xr-pg  |2 czenas 
045 |a x-y- 
072 7 |a 364  |x Sociální problémy vyžadující podporu a pomoc. Sociální zabezpečení  |2 Konspekt  |9 18 
072 7 |a 929  |x Biografie  |2 Konspekt  |9 8 
080 |a 364.682.42  |2 MRF 
080 |a 364.682.42-051  |2 MRF 
080 |a 394  |2 MRF 
080 |a 316.472.4  |2 MRF 
080 |a 616-083-021.464  |2 MRF 
080 |a 81'276.45  |2 MRF 
080 |a 364.692  |2 MRF 
080 |a 613.81/.84  |2 MRF 
080 |a 929  |2 MRF 
080 |a (0:82-322.6)  |2 MRF 
080 |a (035)  |2 MRF 
100 1 |a Havlík, Tony,  |d 1993-  |7 xx0240409  |4 aut 
245 1 0 |a Homeless guide :  |b jak přežít na ulici a užít si to /  |c Tony Havlík 
250 |a 1. vydání 
264 1 |a V Brně :  |b BizBooks,  |c 2019 
300 |a 253 stran :  |b ilustrace (převážně barevné), 1 mapa, portréty ;  |c 24 cm 
336 |a text  |b txt  |2 rdacontent 
337 |a bez média  |b n  |2 rdamedia 
338 |a svazek  |b nc  |2 rdacarrier 
500 |a Terminologické slovníky 
546 |a Český text 
648 7 |a 20.-21. století  |7 ch462155  |2 czenas 
650 0 7 |a bezdomovectví  |7 ph195455  |z Česko  |2 czenas 
650 0 7 |a bezdomovci  |7 ph118825  |z Česko  |y 20.-21. století  |2 czenas 
650 0 7 |a každodenní život  |7 ph121555  |2 czenas 
650 0 7 |a interpersonální vztahy  |7 ph114786  |2 czenas 
650 0 7 |a sebepéče  |7 ph249387  |2 czenas 
650 0 7 |a argot  |7 ph138994  |2 czenas 
650 0 7 |a patologické závislosti  |7 ph123998  |2 czenas 
650 0 9 |a homelessness  |z Czechia  |2 eczenas 
650 0 9 |a homeless persons  |z Czechia  |y 20th-21st centuries  |2 eczenas 
650 0 9 |a everyday life  |2 eczenas 
650 0 9 |a interpersonal relations  |2 eczenas 
650 0 9 |a self care  |2 eczenas 
650 0 9 |a argot  |2 eczenas 
650 0 9 |a pathological dependences  |2 eczenas 
651 7 |a Praha (Česko)  |7 ge118011  |x reálie  |2 czenas 
651 9 |a Prague (Czechia)  |x history and geography  |2 eczenas 
655 7 |a autobiografické příběhy  |7 fd131891  |2 czenas 
655 7 |a příručky  |7 fd133209  |2 czenas 
655 9 |a autobiographical stories  |2 eczenas 
655 9 |a handbooks and manuals  |2 eczenas 
910 2 |a BOA001  |b 2-1434.695 
928 9 |a Albatros Media - BizBooks 
990 |a BK 
995 |a 01 
991 |b 201910  |c NOV 
996 6 |b 2610801735  |c 2-1434.695  |l MZK  |r Sklad / do 1 hodiny  |n 3  |p p.v.  |w 001763490  |u 000010  |a 1  |e BOA001  |j MZK50  |s P 
996 7 |b 2610805686  |c 2-1434.695  |l MZK  |r Sklad / do 1 hodiny  |n 14  |p kup  |w 001763490  |u 000020  |a 1  |e BOA001  |j MZK50  |s A